banner koha

Shear strength of Pinus sp. joints bonded with different grammages and pressures (Registro n. 338499)

MARC details
000 -LÍDER
fixed length control field 04060nab a2200313 4500
003 - CÓDIGO MARC DA AGÊNCIA CATALOGADORA
Campo de controle BR-BrBNA
005 - DATA E HORA DA ÚLTIMA ATUALIZAÇÃO
Campo de controle 20251001102232.0
008 - CAMPO DE TAMANHO FIXO
fixed length control field 251001b2023 bl.ar|pooa||| 00| 0 eng |
040 ## - FONTE DA CATALOGAÇÃO
Agência catalogadora BR-BrBNA
Idioma da catalogação por
072 ## - CATEGORIA AGRIS
Código AGRIS K50 ; K10
Código do objeto 3140
100 ## - ENTRADA PRINCIPAL - NOME PESSOAL
Nome pessoal Tomé, Karina Taiza
100 ## - ENTRADA PRINCIPAL - NOME PESSOAL
Nome pessoal Petrauski, Alfredo
100 ## - ENTRADA PRINCIPAL - NOME PESSOAL
Nome pessoal Possa, Desirè Coraça
100 ## - ENTRADA PRINCIPAL - NOME PESSOAL
Nome pessoal Padilha, Victor Hugo Lazzaretti
100 ## - ENTRADA PRINCIPAL - NOME PESSOAL
Nome pessoal Petrauski, Sandra Maria Couri
100 ## - ENTRADA PRINCIPAL - NOME PESSOAL
Nome pessoal Petrauski, Mateus Couri
245 ## - TÍTULO PRINCIPAL
Título principal Shear strength of Pinus sp. joints bonded with different grammages and pressures
500 ## - NOTA GERAL
Nota geral Summaries (En, Pt); 19 ref.; 2 illus.; 3 tables
942 ## - ADDED ENTRY ELEMENTS (KOHA)
Koha item type Analítica
520 ## - NOTA DE RESUMO
Nota de conteúdo ABSTRACT – The main function of the adhesive is to promote adhesion between materials, as well as provide fl uidity and fi ll in the gaps between joints. Information such as grammage and bonding pressure is fundamental when it comes to the execution of structures in glued laminated wood. In this sense, the objective of this study was to evaluate the shear strength in compression of bonded joints using a one-component polyurethane adhesive with cold curing at three diff erent gram levels, being 150 g.m-2, 200 g.m-2 and 250 g.m-2, with spreading on a single face, applied at two pressure levels, 0.7 MPa, and 1.0 MPa. The apparent density was determined, and with that, four blocks/density groups were obtained, which comprised four repetitions. In addition, the percentage of failure in the specimens after performing the shear test was analyzed. Statistical data analysis was carried out adopting a randomized design in a 2x3 factorial block to analyze the eff ects of grammage and bonding pressure on wood strength and failure The homogeneity and normality of the data were tested, and later the analysis of variance (ANOVA). The results showed that the joints’ strength was not aff ected, both for weight and pressure levels. As for the wood failure percentage, the values obtained were low, with averages below 35%. Keywords: Polyurethane adhesive; Resistance; Wood failure.
520 ## - NOTA DE RESUMO
Nota de conteúdo RESUMO – A principal função do adesivo é promover aderência entre os materiais, bem como proporcionar fl uidez e preencher os vazios entre as juntas. Informações como gramatura e pressão de colagem são fundamentais quando se trata da execução de estruturas em madeira lamelada colada. Nesse sentido, o objetivo deste trabalho foi avaliar a resistência ao cisalhamento na compressão de juntas coladas com adesivo poliuretano monocomponente de cura a frio em três níveis de gramatura, sendo de 150 g.m-2, 200 g.m-2 e 250 g.m-2 com espalhamento em face única, aplicados em dois níveis de pressão, 0,7 MPa e 1,0 MPa. Determinouse a densidade aparente, e com isso obtiveram-se quatro blocos/grupos de densidade que compuseram quatro repetições. Além disso, analisou-se a porcentagem de falha nos corpos de prova após a realização do ensaio de cisalhamento. Para analisar os efeitos da gramatura e pressão de colagem na resistência e na falha da madeira, realizou-se a análise estatística dos dados adotando o delineamento casualizado em bloco fatorial 2x3. Testouse a homogeneidade e normalidade dos dados, e posteriormente a análise de variância (ANOVA). Os resultados obtidos demonstraram que as resistências das juntas não foram afetadas, tanto para os níveis de gramatura quanto para os níveis de pressão. Quanto ao percentual de falha na madeira, os valores obtidos foram baixos, com médias inferiores a 35%. Palavras-Chave: Adesivo poliuretano; Resistência; Falha na madeira.
650 ## - ASSUNTO - THESAGRO
Cabeçalho tópico ou nome geográfico PINUS SP.
650 ## - ASSUNTO - THESAGRO
Cabeçalho tópico ou nome geográfico MADEIRA LAMINADA
650 ## - ASSUNTO - THESAGRO
Cabeçalho tópico ou nome geográfico ADESIVO
650 ## - ASSUNTO - THESAGRO
Cabeçalho tópico ou nome geográfico RESISTÊNCIA
773 0# - ENTRADA ANALÍTICA
Host Biblionumber 812
Registro do item 346930
Imprenta Viçosa-MG Sociedade de Investigações Florestais - Universidade Federal de Viçosa. Depto. de Engenharia Florestal 1977
Outro identificador 2024-7728
Título Revista Árvore (Brazil)
ISSN 0100-6762
Colação v. 47 p. 1-11; (2023)
Número de controle de registro BR2025003774
856 ## - ACESSO E ENDEREÇO ELETRÔNICO
Identificador uniforme de recurso - URI https://www.scielo.br/j/rarv/a/DSttmPs5mv3vcvBgcLRhKrp/?format=pdf&lang=en

Nenhum exemplar disponível.

BINAGRI

Telefone: (61)3218-2567/2388/3357/2097 - binagri@agro.gov.br

Ministério da Agricultura e Pecuária , Esplanada dos Ministérios, Bloco D, Anexo B, Brasília/DF, CEP: 70.043-900